00779nam a2200229 a 450000500170000000800410001701000140005802000260007203500130009803700150011104000180012608200120014410000170015624501120017326000320028527000780031730000330039550400500042865000280047865000210050670000220052720090623122322.0070515s2007 enka b 001 0 eng  aENG-94205 a9789380032108c295.00 aEN-77738 bDBAD / PUB adplbEnglish  a658.452 aBarnes, Mark aStand & deliver :ba master class in making powerful presentations /cby Mark Barnes (and) Mary-Jane Barnes aNew Delhi bWestland c2009 aF-5 Okhla Industrial Area, Phase I, Mezzanine Floor, bNew Delhi e110020 a178 p. :bill. ;c25cm(pbk)  aIncludes bibliographical references and index aBusiness presentations. aPublic speaking. aBarnes, Mary-Jane